|
|
|
|
| LEADER |
00000nam0a2200000 4500 |
| 001 |
359110 |
| 005 |
20231102011148.0 |
| 035 |
|
|
|a (RuTPU)RU\TPU\retro\16382
|
| 090 |
|
|
|a 359110
|
| 100 |
|
|
|a 20200914d1967 k y0rusy50 ca
|
| 101 |
0 |
|
|a rus
|
| 102 |
|
|
|a RU
|
| 105 |
|
|
|a y dm 001zy
|
| 200 |
1 |
|
|a Ядерный магнитный резонанс в диэлектрических кристаллах
|e автореферат диссертации на соискание ученой степени доктора физико-математических наук
|f А. Г. Лундин
|g Академия наук СССР, Сибирское отделение
|
| 210 |
|
|
|a Томск
|c [Б. и.]
|d 1967
|
| 215 |
|
|
|a 29 с.
|c ил.
|
| 300 |
|
|
|a Защита сост. 09.1967 г.
|
| 320 |
|
|
|a Библиогр.: с. 26-28 (44 назв.)
|
| 606 |
1 |
|
|a Кристаллы
|x Исследование методом ЯМР
|2 stltpush
|3 (RuTPU)RU\TPU\subj\80355
|9 88080
|
| 610 |
1 |
|
|a авторефераты диссертаций
|
| 610 |
1 |
|
|a диэлектрические кристаллы
|
| 610 |
1 |
|
|a ядерный магнитный резонанс
|
| 610 |
1 |
|
|a аппаратура
|
| 610 |
1 |
|
|a структурный анализ
|
| 675 |
|
|
|a 548.75(04)
|v 4
|
| 700 |
|
1 |
|a Лундин
|b А. Г.
|
| 712 |
0 |
2 |
|a Академия наук СССР
|b Сибирское отделение
|c (Новосибирск)
|c (1957-1991)
|2 stltpush
|3 (RuTPU)RU\TPU\col\11215
|9 24990
|
| 801 |
|
1 |
|a RU
|b 63413507
|c 20200914
|
| 801 |
|
2 |
|a RU
|b 63413507
|c 20230623
|g RCR
|
| 942 |
|
|
|c BK
|